000 00670 a2200205 4500
001 61814
005 20260407155909.0
008 260407a1990 arg spa d
003 AR-UNSa-BCEJYS
040 _aAR-UNSa-BCEJYS
_bspa
_cAR-UNSa-BCEJYS
080 _a347.725
_xSociedades públicas. Sociedades anónimas (Sociedades por acciones)
245 1 0 _aLos directores de sociedades anónimas
_pDerechos. Obligaciones. Responsabilidades
020 _a978-950-14-0561-3
264 1 _aBuenos Aires :
_bDepalma
_c1990
300 _axxi, 570 p.
_c23 cm.
041 _aspa
942 _cBK
590 _aniveau_biblio:m niveau_hierar:0
100 1 _aMartorell, Ernesto Eduardo
999 _c7418
_d7418